[Event "Newport Open"]
[Site "?"]
[Date "2023.09.09"]
[Round "2"]
[White "Thomas, James"]
[Black "Bullen, Alex"]
[Result "0-1"]
[WhiteElo "1894"]
[BlackElo "2128"]
[PlyCount "84"]
[SourceVersionDate "2023.09.11"]

1. e4 c6 2. d4 d5 3. exd5 cxd5 4. Bd3 Nc6 5. c3 Qc7 6. h3 g6 7. Nf3 Bf5 8. Bxf5 gxf5 9. g3 e6 10. Bf4 Bd6 11. Bxd6 Qxd6 12. Nbd2 Nf6 13. Qe2 Ne4 14. O-O-O O-O-O 15. Kb1 Kb8 16. Rc1 Rc8 17. Rhd1 Na5 18. Nxe4 fxe4 19. Ne5 Rc7 20. Qb5 Nc4 21. Nxc4 Rxc4 22. b3 Rc6 23. c4 a6 24. Qa5 dxc4 25. bxc4 Rhc8 26. c5 Qd5 27. Qd2 Qf5 28. Qe3 Rd8 29. g4 Qd5 30. Qf4+ Rc7 31. g5 Kc8 32. Re1 Qxd4 33. Rxe4 Qd3+ 34. Ka1 Qb5 35. Rb4 Qd7 36. c6 bxc6 37. Qc4 Qd3 38. Qc5 Qd5 39. Qb6 Qe5+ 40. Rb2 Rd2 41. Qxa6+ Kd7 42. Qa3 Rb7 0-1

[Event "Newport Open"]
[Site "?"]
[Date "2023.09.09"]
[Round "2"]
[White "Stubbs, Oliver"]
[Black "Jukes, Sam"]
[Result "0-1"]
[WhiteElo "2080"]
[BlackElo "1902"]
[PlyCount "130"]
[SourceVersionDate "2023.09.11"]

1. d4 Nf6 2. Nf3 e6 3. Bf4 c5 4. e3 d5 5. c3 Bd6 6. Nbd2 O-O 7. Bd3 Nc6 8. Bg3 b6 9. e4 dxe4 10. Nxe4 Nxe4 11. Bxe4 Bb7 12. dxc5 Bxc5 13. Qa4 Rc8 14. Rd1 Qe7 15. O-O Rfd8 16. Rfe1 Bd6 17. Bh4 f6 18. Bf5 exf5 19. Rxe7 Nxe7 20. Bg3 f4 21. Rxd6 Rxd6 22. Bxf4 Bc6 23. Qc2 Rd7 24. Nd4 Bxg2 25. Kxg2 Rxd4 26. Qe2 Rxf4 27. Qxe7 Rg4+ 28. Kf3 Rgc4 29. Qxa7 R8c6 30. Qd7 h6 31. Ke3 Kh7 32. Kd3 h5 33. f4 R6c5 34. Ke3 f5 35. Qf7 Kh6 36. Qe6+ g6 37. Qxb6 Re4+ 38. Kd3 Rd5+ 39. Kc2 Re2+ 40. Kb3 Rdd2 41. Ka3 Rxh2 42. Qf6 Kh7 43. Qf7+ Kh6 44. Qg8 Rd7 45. Qh8+ Rh7 46. Qf8+ Rg7 47. b4 Kh7 48. Kb3 h4 49. Qc5 Re2 50. Qc4 Rge7 51. Qd3 R2e3 52. Qd2 h3 53. Qf2 Kg7 54. Qh4 Rc7 55. b5 Rcxc3+ 56. Kb2 Rcd3 57. Kc2 Rc3+ 58. Kd2 Red3+ 59. Ke2 Rd7 60. b6 h2 61. a4 Rcd3 62. b7 Rd2+ 63. Ke1 Rd1+ 64. Ke2 Rxb7 65. Kxd1 h1=Q+ 0-1

[Event "Newport Open"]
[Site "?"]
[Date "2023.09.09"]
[Round "2"]
[White "Walker, Max"]
[Black "Young, Alan"]
[Result "1/2-1/2"]
[WhiteElo "1879"]
[BlackElo "2046"]
[PlyCount "104"]
[SourceVersionDate "2023.09.11"]

1. e4 e5 2. Nf3 Nc6 3. Bb5 a6 4. Ba4 Nf6 5. d3 b5 6. Bb3 Be7 7. a4 b4 8. Nbd2 d6 9. a5 O-O 10. Nc4 Be6 11. O-O Qc8 12. h3 Qb7 13. c3 Rab8 14. Nfd2 Rfe8 15. Bc2 d5 16. exd5 Bxd5 17. Ne3 Be6 18. Qe2 Bf8 19. Ne4 Nxe4 20. dxe4 Ne7 21. Bd3 Ng6 22. Nf5 Bc8 23. g3 Ne7 24. Re1 Qc6 25. Bd2 b3 26. Bg5 Qg6 27. Bxe7 Bxe7 28. Qf3 Bf8 29. Bf1 Qc6 30. Ne3 Be6 31. Rad1 Qc5 32. Bxa6 Qxa5 33. Ra1 Qc5 34. Bf1 Ra8 35. Red1 Ra2 36. Rab1 c6 37. Rd2 Ra4 38. Kh2 Qb6 39. Rbd1 Bc5 40. Nf5 Bf8 41. h4 g6 42. Ne3 Bh6 43. Rd3 Bxe3 44. Rxe3 Ra2 45. Qe2 Qc5 46. Qd2 Bg4 47. Be2 Be6 48. Kg2 Qb6 49. h5 Raa8 50. Rd3 Qc7 51. Qg5 Qe7 52. Qd2 Rab8 1/2-1/2

[Event "Newport Open"]
[Site "?"]
[Date "2023.09.09"]
[Round "2"]
[White "Musson, Adam"]
[Black "Sanchez, Luis Ortez"]
[Result "1/2-1/2"]
[WhiteElo "2018"]
[BlackElo "1874"]
[PlyCount "89"]
[SourceVersionDate "2023.09.11"]

1. e4 c5 2. Nf3 Nc6 3. d4 cxd4 4. Nxd4 g6 5. c4 Nf6 6. Nc3 d6 7. Be2 Nxd4 8. Qxd4 Bg7 9. Be3 O-O 10. Qd2 a5 11. f3 a4 12. Rc1 Be6 13. Kf2 Nd7 14. Rhd1 Qa5 15. Nd5 Bxd5 16. cxd5 Qxd2 17. Rxd2 Rfc8 18. Rdc2 Rxc2 19. Rxc2 Nc5 20. Ke1 Rc8 21. b4 axb3 22. axb3 Ra8 23. Bxc5 dxc5 24. Rxc5 b6 25. Rc6 Ra1+ 26. Kd2 Bd4 27. f4 Rb1 28. Bd1 f6 29. Rc7 Kf8 30. Bc2 Rg1 31. d6 exd6 32. Rxh7 Rxg2+ 33. Kd3 Bc5 34. Kc3 g5 35. f5 Bg1 36. h4 gxh4 37. Rxh4 Bf2 38. Rh8+ Kg7 39. Rd8 Be1+ 40. Kb2 Bg3 41. Rb8 Be5+ 42. Kc1 Bf4+ 43. Kb2 Be5+ 44. Kc1 Bf4+ 45. Kb2 1/2-1/2

[Event "Newport Open"]
[Site "?"]
[Date "2023.09.09"]
[Round "2"]
[White "Davis, Ashley"]
[Black "Ashworth, Michael"]
[Result "0-1"]
[WhiteElo "1852"]
[BlackElo "2007"]
[PlyCount "76"]
[SourceVersionDate "2023.09.11"]

1. d4 g6 2. c4 Bg7 3. g3 d6 4. Bg2 Nd7 5. Nf3 e5 6. e4 Ne7 7. O-O O-O 8. Nc3 exd4 9. Nxd4 Ne5 10. b3 N7c6 11. Nxc6 bxc6 12. Qc2 Rb8 13. h3 c5 14. Bb2 Nc6 15. Ne2 Nd4 16. Qd2 Qf6 17. Rab1 Nf3+ 18. Bxf3 Qxf3 19. Bxg7 Kxg7 20. Qc3+ Qxc3 21. Nxc3 Bxh3 22. Rfe1 Rfe8 23. f3 Bd7 24. Rbd1 Bc6 25. Kf2 a5 26. Re2 Rb4 27. Nd5 Rb7 28. g4 f6 29. Ke3 a4 30. Rd3 axb3 31. Rxb3 Rxb3+ 32. axb3 Bxd5 33. cxd5 Rb8 34. Rb2 Rb4 35. Kd3 c4+ 36. Kc3 Rxb3+ 37. Rxb3 cxb3 38. Kxb3 h5 0-1

[Event "Newport Open"]
[Site "?"]
[Date "2023.09.09"]
[Round "2"]
[White "Lavendar, James"]
[Black "Cave, Iwan"]
[Result "1/2-1/2"]
[WhiteElo "1997"]
[BlackElo "1850"]
[PlyCount "81"]
[SourceVersionDate "2023.09.11"]

1. e4 e5 2. Bc4 c6 3. Nf3 d5 4. exd5 cxd5 5. Bb5+ Bd7 6. Bxd7+ Nxd7 7. d3 Bd6 8. O-O Ngf6 9. c4 O-O 10. Re1 Re8 11. Bg5 Qb6 12. Nc3 h6 13. Na4 Qc7 14. Bxf6 Nxf6 15. c5 Bf8 16. b4 e4 17. Nd4 b6 18. Rc1 bxc5 19. Nxc5 Qb6 20. Ndb3 exd3 21. a3 Bxc5 22. Nxc5 a5 23. Nxd3 axb4 24. axb4 Ne4 25. h3 Ra3 26. Nc5 Rd8 27. Qd4 Ra4 28. Qe5 Rxb4 29. Nxe4 dxe4 30. Rxe4 Rxe4 31. Qxe4 Qd4 32. Qf3 Qe5 33. g3 Re8 34. h4 h5 35. Rd1 g6 36. Rd7 Re7 37. Rd5 Qe1+ 38. Kg2 Qe4 39. Qxe4 Rxe4 40. Kf3 Ra4 41. Kg2 1/2-1/2

[Event "Newport Open"]
[Site "?"]
[Date "2023.09.09"]
[Round "2"]
[White "Turner, Joseph David"]
[Black "Sagues, Vincent"]
[Result "1-0"]
[WhiteElo "1850"]
[BlackElo "1992"]
[PlyCount "75"]
[SourceVersionDate "2023.09.11"]

1. e4 d5 2. d4 e6 3. Nc3 Bb4 4. e5 c5 5. a3 Bxc3+ 6. bxc3 Ne7 7. f4 Nbc6 8. Nf3 Qc7 9. Bd3 c4 10. Be2 Bd7 11. O-O f5 12. Ng5 h6 13. Nh3 Qa5 14. Bd2 Qa4 15. g4 fxg4 16. Bxg4 O-O-O 17. Nf2 Rdf8 18. Qc1 Nf5 19. Nd1 Nce7 20. Nb2 Qa5 21. a4 h5 22. Bh3 Rh6 23. Nd1 Be8 24. Qa3 Rhh8 25. Ne3 Bg6 26. Rab1 Qa6 27. Rb5 Nxe3 28. Bxe3 Nf5 29. Bxf5 Bxf5 30. Qc5+ Kb8 31. Rfb1 Rf7 32. Ra5 Rc8 33. Rxa6 Rxc5 34. dxc5 Bxc2 35. Rb4 Ka8 36. Rxe6 a5 37. Re8+ Ka7 38. c6+ 1-0

[Event "Newport Open"]
[Site "?"]
[Date "2023.09.09"]
[Round "2"]
[White "Smith, Olivia"]
[Black "May, Adam"]
[Result "1-0"]
[WhiteElo "2090"]
[BlackElo "1881"]
[PlyCount "55"]
[SourceVersionDate "2023.09.11"]

1. e4 c6 2. d4 d5 3. e5 c5 4. dxc5 e6 5. a3 Bxc5 6. b4 Be7 7. Nf3 f6 8. Bb5+ Nd7 9. O-O a6 10. Bxd7+ Bxd7 11. Bb2 Nh6 12. Nbd2 Rc8 13. c4 dxc4 14. exf6 gxf6 15. Ne4 Nf7 16. Nfg5 O-O 17. Nxh7 Kxh7 18. Qh5+ Kg7 19. Qg4+ Kh7 20. Rad1 Ne5 21. Qh5+ Kg7 22. Nxf6 Bxf6 23. Bxe5 Bxe5 24. Qxe5+ Kf7 25. Rd4 Qc7 26. Rf4+ Ke8 27. Qh5+ Ke7 28. Qg5+ 1-0

[Event "Newport Open"]
[Site "?"]
[Date "2023.09.09"]
[Round "2"]
[White "Atkinson, Paul"]
[Black "Sandbrink, Kai"]
[Result "1-0"]
[WhiteElo "2043"]
[BlackElo "1720"]
[PlyCount "83"]
[SourceVersionDate "2023.09.11"]

1. Nf3 Nf6 2. b3 g6 3. Bb2 Bg7 4. e3 c5 5. d4 cxd4 6. exd4 O-O 7. Bd3 d5 8. O-O Nc6 9. a3 Ne8 10. Nbd2 Qb6 11. c3 Nd6 12. a4 Rd8 13. Re1 Bf5 14. Bxf5 Nxf5 15. Qe2 e6 16. g3 Rac8 17. Kg2 Nd6 18. Ba3 Na5 19. Bb4 Qc7 20. Rab1 Nc6 21. Ba3 Nb8 22. Rec1 Nd7 23. c4 Qb8 24. Bxd6 Qxd6 25. c5 Qe7 26. b4 f6 27. Nb3 e5 28. Na5 Nb8 29. b5 e4 30. Ne1 f5 31. Nc2 g5 32. Re1 f4 33. f3 e3 34. g4 Rd7 35. Rbd1 Bf6 36. Nb4 h5 37. h3 Qg7 38. Qd3 Re7 39. Nxd5 Rd7 40. Qe4 hxg4 41. hxg4 Rcd8 42. Qe6+ 1-0

[Event "Newport Open"]
[Site "?"]
[Date "2023.09.09"]
[Round "2"]
[White "Fowler, Hugo"]
[Black "Howells, Wyn"]
[Result "1-0"]
[WhiteElo "1959"]
[BlackElo "1661"]
[PlyCount "35"]
[SourceVersionDate "2023.09.11"]

1. e4 c5 2. c3 g6 3. d4 cxd4 4. cxd4 Bg7 5. Nc3 d6 6. Be3 Nc6 7. d5 Ne5 8. f4 Nd7 9. Bd4 f6 10. Nf3 Bh6 11. g3 b6 12. Rc1 a6 13. a4 Bb7 14. Bc4 Qc8 15. Qe2 Nc5 16. Rc2 Kf7 17. O-O Qg4 18. Ng5+ 1-0

[Event "Newport Open"]
[Site "?"]
[Date "2023.09.09"]
[Round "2"]
[White "Wilkins, Mark"]
[Black "Swamy, Anshul"]
[Result "1-0"]
[WhiteElo "1904"]
[BlackElo "1475"]
[PlyCount "73"]
[SourceVersionDate "2023.09.11"]

1. d4 d5 2. Nc3 Nf6 3. Bg5 e6 4. e4 Be7 5. e5 Nfd7 6. Bxe7 Qxe7 7. Qg4 g6 8. O-O-O c5 9. Nb5 Kd8 10. Nd6 cxd4 11. Qxd4 Nc6 12. Qc3 Ndxe5 13. Nxc8 Qg5+ 14. Kb1 Rxc8 15. Nh3 Qf6 16. f4 Nd7 17. Qe3 Re8 18. Bb5 Nb6 19. Rhe1 Re7 20. a3 Rec7 21. Re2 Na5 22. g4 Nac4 23. Bxc4 Rxc4 24. Nf2 Qxf4 25. Qh3 h6 26. b3 Rc3 27. Rd3 Rxd3 28. Nxd3 Qg5 29. Qf3 Qe7 30. Rf2 f5 31. Kb2 Qf6+ 32. Kb1 Rc3 33. Qf4 Kc8 34. Re2 a5 35. Qd6 Nc4 36. bxc4 dxc4 37. Nc5 1-0

[Event "Newport Open"]
[Site "?"]
[Date "2023.09.09"]
[Round "2"]
[White "Morgans, Justin"]
[Black "Hill, Andy"]
[Result "0-1"]
[WhiteElo "1640"]
[BlackElo "1846"]
[PlyCount "108"]
[SourceVersionDate "2023.09.11"]

1. d4 Nf6 2. Nf3 g6 3. Bf4 Bg7 4. e3 O-O 5. Be2 d5 6. Nbd2 Nh5 7. Be5 f6 8. Bg3 Nxg3 9. hxg3 c5 10. c3 b6 11. O-O Bb7 12. Rc1 e5 13. Nb3 c4 14. Nbd2 b5 15. b3 e4 16. Nh2 Qe7 17. bxc4 dxc4 18. Qc2 f5 19. Rb1 a6 20. a4 Bc6 21. axb5 axb5 22. Ra1 Nd7 23. Rfb1 Nf6 24. Qb2 Nd5 25. Nhf1 h5 26. Nxc4 bxc4 27. Bxc4 Kh7 28. Bxd5 Bxd5 29. Qb5 Qe6 30. Rxa8 Rxa8 31. Nd2 Rc8 32. Rc1 Bc4 33. Nxc4 Qxc4 34. Qb7 Kg8 35. Ra1 Qc7 36. Qxc7 Rxc7 37. Ra3 Bf8 38. Rb3 Kf7 39. f3 Ke6 40. Kf2 Kd5 41. fxe4+ fxe4 42. Ke2 Bd6 43. g4 h4 44. Rb5+ Ke6 45. Kd2 Rf7 46. Ke2 Bg3 47. Rb6+ Kd5 48. Rxg6 Rf2+ 49. Kd1 Kc4 50. Rc6+ Kd3 51. Kc1 Rxg2 52. d5 h3 53. g5 h2 54. Rh6 Rg1+ 0-1

[Event "Newport Open"]
[Site "?"]
[Date "2023.09.09"]
[Round "2"]
[White "Harris, Calum"]
[Black "Gore, Bob"]
[Result "1-0"]
[WhiteElo "1807"]
[BlackElo "1669"]
[PlyCount "85"]
[SourceVersionDate "2023.09.11"]

1. e4 c6 2. d4 d5 3. Nd2 dxe4 4. Nxe4 Nf6 5. Ng3 h5 6. h4 Bg4 7. Be2 Bxe2 8. N1xe2 g6 9. Bg5 Bg7 10. Qd2 Qb6 11. O-O-O Nbd7 12. Nc3 Nf8 13. f3 Ne6 14. Be3 Nd5 15. Nxd5 cxd5 16. Ne2 Nc7 17. g4 O-O-O 18. Nf4 Kb8 19. gxh5 gxh5 20. Rdg1 Bf6 21. c3 Ne6 22. Nd3 Ka8 23. Ne5 Rhf8 24. Bh6 Bxe5 25. dxe5 Rh8 26. Bg5 Rd7 27. f4 Nxg5 28. Rxg5 d4 29. Rhg1 Rhd8 30. Rg8 a6 31. Rxd8+ Rxd8 32. Rd1 Qc6 33. Qe2 Rd7 34. Qxh5 e6 35. Qh8+ Ka7 36. Qe8 Qc7 37. Kc2 Rd8 38. Qa4 dxc3 39. bxc3 Rxd1 40. Kxd1 Qxc3 41. Qb3 Qd4+ 42. Ke2 Qxf4 43. Qe3+ 1-0

[Event "Newport Open"]
[Site "?"]
[Date "2023.09.09"]
[Round "2"]
[White "Dixon, Chris"]
[Black "Kothari, Jai"]
[Result "0-1"]
[WhiteElo "1675"]
[BlackElo "1775"]
[PlyCount "46"]
[SourceVersionDate "2023.09.11"]

1. Nf3 c5 2. g3 g6 3. Bg2 Bg7 4. O-O Nc6 5. d3 e5 6. e4 Nge7 7. Re1 O-O 8. Nbd2 d6 9. c3 f5 10. Qb3+ Kh8 11. Ng5 Qe8 12. Nc4 Rf6 13. Nxd6 Rxd6 14. Nf7+ Qxf7 15. Qxf7 Be6 16. Qxe6 Rxe6 17. exf5 gxf5 18. Be3 b6 19. Bg5 Rc8 20. Bf3 Ng6 21. Bd5 Rd6 22. c4 Nd4 23. Rac1 Rxd5 0-1

[Event "Newport Open"]
[Site "?"]
[Date "2023.09.09"]
[Round "2"]
[White "Lawrence, Spencer"]
[Black "Hannigan, Jack"]
[Result "1/2-1/2"]
[WhiteElo "1666"]
[BlackElo "1745"]
[PlyCount "72"]
[SourceVersionDate "2023.09.11"]

1. c4 Nf6 2. Nc3 g6 3. d4 Bg7 4. e4 d6 5. Nf3 O-O 6. Be2 c5 7. d5 e6 8. O-O exd5 9. exd5 Bg4 10. h3 Bxf3 11. Bxf3 Nbd7 12. Rb1 Ne5 13. b3 Nxf3+ 14. Qxf3 Nd7 15. Ne4 Re8 16. Ng5 Ne5 17. Qd1 a6 18. Nf3 Rb8 19. Bf4 b5 20. Nxe5 Bxe5 21. Bxe5 Rxe5 22. Re1 Rxe1+ 23. Qxe1 bxc4 24. bxc4 Rxb1 25. Qxb1 Qc7 26. Qb2 h5 27. Qf6 Qd7 28. f4 Kh7 29. Kh2 a5 30. Kg3 Qf5 31. Qxf5 gxf5 32. Kf3 Kg6 33. Ke3 Kf6 34. Kd3 Ke7 35. Kc3 Kd7 36. Kd2 Kd8 1/2-1/2

[Event "Newport Open"]
[Site "?"]
[Date "2023.09.09"]
[Round "2"]
[White "Davies, Callum"]
[Black "Ashworth, Robert"]
[Result "0-1"]
[WhiteElo "1734"]
[BlackElo "1657"]
[PlyCount "58"]
[SourceVersionDate "2023.09.11"]

1. e4 e5 2. Bc4 Nc6 3. Nc3 Nf6 4. d3 Na5 5. Bb3 Nxb3 6. axb3 Be7 7. f4 d6 8. Nf3 exf4 9. Ne2 Nh5 10. Bxf4 Bf6 11. Ra2 Bh4+ 12. g3 Bf6 13. O-O O-O 14. Be3 a6 15. Kh1 Qe7 16. Qd2 Re8 17. Nc3 c6 18. b4 Qe6 19. Nd4 Nxg3+ 20. hxg3 Qh3+ 21. Kg1 Qxg3+ 22. Kh1 Re5 23. Nf5 Bxf5 24. Rxf5 Rxf5 25. exf5 Bxc3 26. bxc3 Qf3+ 27. Kg1 Re8 28. c4 Rxe3 29. Qg2 Re1+ 0-1

[Event "Newport Open"]
[Site "?"]
[Date "2023.09.09"]
[Round "2"]
[White "Wu, Yuxuan"]
[Black "Hilditch-Love, Daniel"]
[Result "1/2-1/2"]
[WhiteElo "1660"]
[BlackElo "1722"]
[PlyCount "78"]
[SourceVersionDate "2023.09.11"]

1. d4 Nf6 2. c4 e6 3. Nc3 d5 4. cxd5 exd5 5. Bg5 Be7 6. e3 O-O 7. Bd3 c6 8. Qc2 Nbd7 9. Nf3 Re8 10. O-O h6 11. Bf4 Bf8 12. Rab1 Nh5 13. Bg3 Nxg3 14. hxg3 Nf6 15. b4 a6 16. a4 b6 17. Ne2 Qd6 18. Rfc1 Bb7 19. a5 b5 20. Nc3 Qe7 21. Ne5 Nd7 22. Nxd7 Qxd7 23. Rd1 Bd6 24. Ne2 Qe7 25. Qc3 Rac8 26. Bc2 Rc7 27. Nf4 Bc8 28. Re1 g5 29. Nd3 Qf6 30. Nc5 Rce7 31. Qd3 Bxc5 32. Qh7+ Kf8 33. bxc5 Qg7 34. Qd3 Bg4 35. f3 Bh5 36. Kf2 Bg6 37. Qd2 Qh7 38. Bxg6 Qxg6 39. Rb3 Kg7 1/2-1/2

[Event "Newport Open"]
[Site "?"]
[Date "2023.09.09"]
[Round "2"]
[White "Szakmany, Bence"]
[Black "Archibald, Mckenzie"]
[Result "1-0"]
[WhiteElo "1700"]
[BlackElo "1575"]
[PlyCount "41"]
[SourceVersionDate "2023.09.11"]

1. e4 c6 2. d4 d5 3. e5 Bf5 4. Nc3 e6 5. g4 Bg6 6. Nge2 c5 7. h4 h6 8. f4 Be7 9. Be3 cxd4 10. Nxd4 a6 11. Bf2 Bb4 12. f5 Bxc3+ 13. bxc3 exf5 14. gxf5 Bh7 15. Qf3 Ne7 16. Rg1 Nd7 17. e6 Nf6 18. Rxg7 fxe6 19. fxe6 Nc6 20. Nxc6 bxc6 21. Bd4 1-0

[Event "Newport Open"]
[Site "?"]
[Date "2023.09.09"]
[Round "2"]
[White "Weale, Tom"]
[Black "Macdonald, Duncan"]
[Result "0-1"]
[WhiteElo "1540"]
[BlackElo "1685"]
[PlyCount "42"]
[SourceVersionDate "2023.09.11"]

1. e4 c6 2. d4 d5 3. Nc3 dxe4 4. Nxe4 Nf6 5. Nxf6+ exf6 6. Nf3 Bd6 7. Bc4 O-O 8. O-O Bg4 9. Qd3 Re8 10. Bd2 Qc7 11. Rfe1 Nd7 12. Bxf7+ Kxf7 13. Qxh7 Bxf3 14. gxf3 Rh8 15. Qe4 Rae8 16. Qf5 g6 17. Qd3 Nb6 18. Qb3+ Kg7 19. Re4 Bxh2+ 20. Kg2 Qd7 21. Rxe8 Qh3+ 0-1

[Event "Newport Open"]
[Site "?"]
[Date "2023.09.09"]
[Round "2"]
[White "Norris, Zack"]
[Black "Cossins-Smith, Joe"]
[Result "1-0"]
[WhiteElo "1684"]
[BlackElo "1518"]
[PlyCount "118"]
[SourceVersionDate "2023.09.11"]

1. c4 c5 2. Nc3 g6 3. e3 Bg7 4. d4 cxd4 5. exd4 Nf6 6. Nf3 O-O 7. Be2 d5 8. h3 dxc4 9. Bxc4 e6 10. O-O a6 11. a4 Qc7 12. Qe2 Re8 13. Re1 h6 14. Bb3 b6 15. Bd2 Bb7 16. Rac1 Qd6 17. Bc2 Nc6 18. Ne4 Nxe4 19. Bxe4 Nxd4 20. Nxd4 Bxe4 21. Qxe4 Qxd4 22. Qxd4 Bxd4 23. Bxh6 Bxb2 24. Rb1 Bd4 25. Be3 Red8 26. Re2 Bxe3 27. fxe3 Rab8 28. Reb2 Rd6 29. Kf2 Kg7 30. Rb4 f5 31. Ke2 Kf6 32. g4 Ke5 33. h4 fxg4 34. Rxg4 Kf5 35. Rf4+ Ke5 36. Rg4 Kf6 37. Rf1+ Kg7 38. Rfg1 e5 39. h5 Rh8 40. Rxg6+ Rxg6 41. Rxg6+ Kf7 42. Rxb6 Rxh5 43. Rxa6 e4 44. Kd2 Rd5+ 45. Ke2 Ke7 46. Kf2 Rf5+ 47. Ke2 Re5 48. Ra8 Kd6 49. Rd8+ Kc5 50. Rd4 Kb6 51. Kd2 Ka5 52. Kc3 Re8 53. Rc4 Re7 54. Kd4 Re8 55. Kd5 Re7 56. Rxe4 Rxe4 57. Kxe4 Kxa4 58. Kd5 Kb5 59. e4 Kb6 1-0

[Event "Newport Open"]
[Site "?"]
[Date "2023.09.09"]
[Round "2"]
[White "Smith, Callum"]
[Black "Golley, Andrew"]
[Result "1/2-1/2"]
[WhiteElo "1409"]
[BlackElo "1679"]
[PlyCount "72"]
[SourceVersionDate "2023.09.11"]

1. e4 c5 2. c3 d5 3. exd5 Qxd5 4. d4 Nc6 5. Nf3 e6 6. Be3 cxd4 7. cxd4 Nf6 8. Nc3 Bb4 9. a3 Bxc3+ 10. bxc3 O-O 11. Be2 b6 12. Nd2 Bb7 13. Bf3 Qd7 14. O-O Rac8 15. Rc1 Na5 16. c4 Ba6 17. Be2 Rfd8 18. c5 Bxe2 19. Qxe2 bxc5 20. dxc5 Nd5 21. Ne4 Nxe3 22. Qxe3 Nb7 23. h3 Rc6 24. Rc3 Qd4 25. Rfc1 Qxe3 26. fxe3 h6 27. Rb1 Rd7 28. Nf2 Na5 29. Nd3 f6 30. Rb5 Nb7 31. Nb4 Rc8 32. Kh2 Nd6 33. c6 Rdc7 34. Ra5 Nf7 35. Rac5 Ne5 36. Kg3 Kf7 1/2-1/2

[Event "Newport Open"]
[Site "?"]
[Date "2023.09.09"]
[Round "3"]
[White "Blackburn, Jonathan"]
[Black "Turner, Jospeh David"]
[Result "1-0"]
[WhiteElo "2198"]
[BlackElo "1850"]
[PlyCount "73"]
[SourceVersionDate "2023.09.11"]

1. d4 Nf6 2. c4 g6 3. Nc3 Bg7 4. e4 d6 5. Be2 O-O 6. Nf3 Na6 7. O-O e5 8. Be3 Qe8 9. Re1 Nxe4 10. Nxe4 exd4 11. Nxd6 cxd6 12. Bxd4 Qc6 13. Bxg7 Kxg7 14. Qd4+ Kg8 15. Rad1 Nb4 16. Qd2 Qb6 17. a3 Nc6 18. b4 Rd8 19. Qh6 f6 20. Bd3 Qc7 21. Be4 Qg7 22. Qxg7+ Kxg7 23. Bxc6 bxc6 24. Re7+ Kg8 25. Rc7 a5 26. Rxc6 axb4 27. axb4 Bb7 28. Rb6 Be4 29. h4 Rac8 30. Rd4 f5 31. Ng5 Ba8 32. Rbxd6 Re8 33. Rd7 h6 34. Nf7 h5 35. Ng5 Bc6 36. R7d6 Re1+ 37. Kh2 1-0

[Event "Newport Open"]
[Site "?"]
[Date "2023.09.09"]
[Round "3"]
[White "Jukes, Sam"]
[Black "Varley, Peter"]
[Result "0-1"]
[WhiteElo "1902"]
[BlackElo "2174"]
[PlyCount "120"]
[SourceVersionDate "2023.09.11"]

1. e4 e5 2. Nf3 Nc6 3. Bc4 Bc5 4. c3 Nf6 5. d3 d6 6. Bb3 Qe7 7. O-O O-O 8. Bg5 h6 9. Bh4 Kh7 10. d4 Bb6 11. Bc2 Rg8 12. Nbd2 g5 13. Bg3 Bg4 14. Qe1 Nh5 15. h3 Nxg3 16. fxg3 Bd7 17. Kh2 a6 18. Nc4 Ba7 19. Ne3 Raf8 20. g4 f6 21. Qd2 Kg7 22. Rfe1 Bc8 23. Nf5+ Bxf5 24. exf5 Rd8 25. d5 Nb8 26. Nd4 Bxd4 27. Qxd4 b6 28. a4 a5 29. Bd3 Nd7 30. Qc4 Nc5 31. b4 Nxd3 32. Qxd3 Ra8 33. Re4 Qd7 34. Rc4 Rge8 35. Rc6 Re7 36. Qc4 Ra7 37. Re1 axb4 38. Qxb4 Ra5 39. c4 Re8 40. Qb3 Rea8 41. Ra1 R8a7 42. h4 Ra8 43. h5 R8a7 44. Qc2 Qd8 45. Qb3 Kf8 46. Qb4 Ke8 47. Ra2 Kd7 48. Ra1 Qa8 49. Ra2 Rxa4 50. Rxa4 Rxa4 51. Qb5 Ra5 52. Qb4 Qa7 53. Kh3 Ra3+ 54. Kh2 Qa4 55. Qb2 Ra2 56. Qb1 Qc2 57. Qxc2 Rxc2 58. Kg3 e4 59. Kh2 Rc3 60. c5 Rxc5 0-1

[Event "Newport Open"]
[Site "?"]
[Date "2023.09.09"]
[Round "3"]
[White "Gordon, Sean"]
[Black "Smith, Olivia"]
[Result "1-0"]
[WhiteElo "1911"]
[BlackElo "2090"]
[PlyCount "133"]
[SourceVersionDate "2023.09.11"]

1. c4 e5 2. Nc3 Nc6 3. Nf3 Nf6 4. e3 d5 5. cxd5 Nxd5 6. Bb5 Nxc3 7. bxc3 Bd6 8. d4 exd4 9. cxd4 O-O 10. O-O Bg4 11. h3 Bh5 12. a4 Qf6 13. Be2 Rfe8 14. a5 a6 15. Ba3 Qe7 16. Bxd6 Qxd6 17. Qb3 Rab8 18. Rfe1 Re7 19. Ne5 Bxe2 20. Nxc6 Qxc6 21. Rxe2 h5 22. Rc2 Qb5 23. Qxb5 axb5 24. Rc5 c6 25. a6 bxa6 26. Rxa6 g6 27. Raxc6 Kg7 28. Rc7 Rxc7 29. Rxc7 b4 30. Rc2 Kf6 31. Kf1 Ke6 32. Ke2 Kd5 33. Kd3 f5 34. f3 h4 35. Rb2 g5 36. e4+ fxe4+ 37. fxe4+ Ke6 38. Kc4 g4 39. Rxb4 Rc8+ 40. Kd3 gxh3 41. gxh3 Rg8 42. Rb6+ Kd7 43. Rb3 Rg3+ 44. Kc4 Kd6 45. Rd3 Ke6 46. Kc3 Kd6 47. Kd2 Rg2+ 48. Kc3 Rg3 49. Kc4 Ke6 50. Rb3 Kd6 51. e5+ Ke6 52. Rb6+ Ke7 53. Kd5 Rxh3 54. Rb7+ Ke8 55. Ke6 Kd8 56. Rb8+ Kc7 57. Rh8 Rh1 58. d5 Rg1 59. Rxh4 Rg6+ 60. Kf5 Rg1 61. Rh7+ Kd8 62. e6 Kc8 63. Kf6 Rd1 64. Ke5 Ra1 65. Rh8+ Kc7 66. d6+ Kc6 67. d7 1-0

[Event "Newport Open"]
[Site "?"]
[Date "2023.09.09"]
[Round "3"]
[White "Young, Alan"]
[Black "Fowler, Hugo"]
[Result "1-0"]
[WhiteElo "2047"]
[BlackElo "1959"]
[PlyCount "111"]
[SourceVersionDate "2023.09.11"]

1. e4 e5 2. Nf3 Nc6 3. Bb5 a6 4. Ba4 Nf6 5. d4 Nxd4 6. Nxd4 exd4 7. e5 Ne4 8. Qxd4 Nc5 9. Nc3 Be7 10. Qg4 g6 11. Bh6 Nxa4 12. Qxa4 Bg5 13. Bxg5 Qxg5 14. O-O O-O 15. f4 Qe7 16. Kh1 d6 17. Nd5 Qd8 18. Rad1 Kg7 19. Qd4 c5 20. Qc3 dxe5 21. Qxc5 Bg4 22. Rd2 exf4 23. Qc3+ f6 24. Nc7 Qe7 25. Nxa8 Rxa8 26. h3 Rc8 27. Qd4 Bf5 28. Qxf4 Rxc2 29. Rxc2 Bxc2 30. Rc1 g5 31. Qg3 Qd7 32. Qc3 Be4 33. Qc7 Qxc7 34. Rxc7+ Kg6 35. Kg1 h5 36. Kf2 h4 37. g4 hxg3+ 38. Kxg3 Kf5 39. Rc5+ Ke6 40. Kg4 Kd6 41. Rc8 Ke5 42. Re8+ Kd4 43. Re6 Bd5 44. Rxf6 Bxa2 45. Kxg5 a5 46. Rb6 Bd5 47. Rd6 Kc5 48. Rxd5+ Kxd5 49. h4 a4 50. h5 Kc4 51. h6 Kb3 52. h7 Kxb2 53. h8=Q+ Ka2 54. Qc3 a3 55. Qb4 b5 56. Kf4 1-0

[Event "Newport Open"]
[Site "?"]
[Date "2023.09.09"]
[Round "3"]
[White "Wilkins, Mark"]
[Black "Atkinson, Paul"]
[Result "0-1"]
[WhiteElo "1904"]
[BlackElo "2043"]
[PlyCount "70"]
[SourceVersionDate "2023.09.11"]

1. d4 Nf6 2. Nc3 d5 3. Bg5 e6 4. f3 Bb4 5. Qd3 c5 6. a3 Qa5 7. Bxf6 gxf6 8. e4 dxe4 9. Qb5+ Bd7 10. Qxa5 Bxa5 11. dxc5 Bxc3+ 12. bxc3 Bc6 13. fxe4 Bxe4 14. O-O-O Ke7 15. Rd4 f5 16. Ne2 Na6 17. Ng3 Nxc5 18. Nxe4 fxe4 19. Bb5 Rad8 20. Rhd1 f5 21. g3 e5 22. Rd5 Nd3+ 23. R1xd3 exd3 24. Rxd8 Rxd8 25. cxd3 a6 26. Bc4 b5 27. Bb3 Rxd3 28. Kc2 Rf3 29. Bd5 Rf2+ 30. Kb3 Kd6 31. c4 Rxh2 32. Bb7 Rh3 33. Bxa6 Rxg3+ 34. Kb4 bxc4 35. Bxc4 Rg4 0-1

[Event "Newport Open"]
[Site "?"]
[Date "2023.09.09"]
[Round "3"]
[White "Cave, Iwan"]
[Black "Musson, Adam"]
[Result "1-0"]
[WhiteElo "1850"]
[BlackElo "2018"]
[PlyCount "85"]
[SourceVersionDate "2023.09.11"]

1. d4 Nf6 2. c4 e6 3. Nc3 Bb4 4. Qc2 O-O 5. Bg5 h6 6. Bh4 d5 7. e3 g5 8. Bg3 Bxc3+ 9. bxc3 dxc4 10. Bxc4 b6 11. Ne2 Bb7 12. O-O Nbd7 13. Rad1 Qe7 14. f4 g4 15. Bh4 Qd6 16. Ng3 Qc6 17. Qe2 Kh8 18. Bb5 Qd6 19. e4 c6 20. e5 Qa3 21. exf6 cxb5 22. Qxg4 Rg8 23. Qh5 Rg6 24. Bg5 Kh7 25. f5 exf5 26. Rxf5 Qxa2 27. d5 Rf8 28. Ne4 Qc2 29. Nd6 Nc5 30. Rd2 Qxc3 31. Nxf7 Rxf7 32. Bxh6 Qc1+ 33. Rf1 Qxf1+ 34. Kxf1 Rfxf6+ 35. Bf4+ Rh6 36. Qe5 Rhg6 37. g3 b4 38. Re2 Nd7 39. Qh5+ Kg8 40. Kg1 Nf8 41. Be5 Rh6 42. Qg5+ Rfg6 43. Qd8 1-0